000 00807nam0a22002771 4500
001 rc\472105
005 20250621095929.0
010 _a5-289-00064-X
_950000
035 _a(NLR Aleph) 005715648
090 _a7424583
_c7424583
100 _a20030616d1988 |||y0rusy50 ca
101 0 _arus
102 _aRU
105 _aa |||||||||
200 1 _aЖенский лик Земли
_eИст.-этногр. новеллы
210 _aЛ.
_cЛениздат
_d1988
215 _a223, [1] с.
_cил.
_d20
700 1 _aИтс
_bР.Ф.
_f1928-1990
_gРудольф Фердинандович
801 0 _aRU
_bNLR
_gpsbo
801 1 _aRU
_bELAR
_2rusmarc
852 _aNLR
_bОЛСАА-сл-спр
_j2-3397
852 _aNLR
_j88-3/15601
942 _cBOOK
980 _aNB
980 1 _aSL_SPR